Da terra asoballada / (Record no. 38005)
[ view plain ]
| 000 -LEADER | |
|---|---|
| campo de control de longitud fija | 00436nam a2200157 i 4500 |
| 001 - NÚMERO DE CONTROL | |
| campo de control | 38005 |
| 003 - IDENTIFICADOR DE NÚMERO DE CONTROL | |
| campo de control | ES-MaACL |
| 005 - FECHA Y HORA DE LA ÚLTIMA TRANSACCIÓN | |
| campo de control | 20230906155659.0 |
| 007 - CAMPO FIJO DE DESCRIPCIÓN FÍSICA--INFORMACIÓN GENERAL | |
| campo de control de longitud fija | t| |
| 008 - DATOS DE LONGITUD FIJA--INFORMACIÓN GENERAL | |
| campo de control de longitud fija | 030224s1917 sp ||||1| gao d |
| 100 1# - ENTRADA PRINCIPAL--NOMBRE DE PERSONA | |
| Nombre de persona | Cabanillas, Ramón. |
| 9 (RLIN) | 33146 |
| 245 10 - MENCIÓN DEL TÍTULO | |
| Título | Da terra asoballada / |
| Mención de responsabilidad, etc. | Ramón Cabanillas. |
| 260 ## - PUBLICACIÓN, DISTRIBUCIÓN, ETC. | |
| Lugar de publicación, distribución, etc. | [S.l. : |
| Nombre del editor, distribuidor, etc. | s.n., |
| Fecha de publicación, distribución, etc. | 1917] ( |
| Lugar de fabricación/manufactura | Villagareia de Arousa : |
| Fabricante | Imp. Galicia Nova) |
| 300 ## - DESCRIPCIÓN FÍSICA | |
| Extensión | 118 p. |
| 852 ## - LOCALIZACIÓN | |
| Ubicación | ES-MaACL |
| Número de control de estantería | G-337 |
| Estatus retirado | Estado de pérdida | Estado de daño | No para préstamo | Biblioteca de origen | Biblioteca actual | Ubicación en estantería | Fecha de adquisición | Fuente de adquisición | Total de préstamos | Signatura topográfica completa | Código de barras | Visto por última vez | Precio de reemplazo | Tipo de ítem Koha |
|---|---|---|---|---|---|---|---|---|---|---|---|---|---|---|
| Biblioteca del Ateneo de Madrid | Biblioteca del Ateneo de Madrid | Depósito 2 | 17/01/2008 | G-337 | 1040015 | 23/02/2023 | 23/02/2023 | Libro impreso |
